000 00870nam a2200229Ii 4500
003 JO-AjNU
008 230605s9999||||xx |||||||||||||| ||und||
017 _a2007/7/2097
020 _a978-9957-06-429-7
040 _aJO-AjNU
_bara
_erda
_cJO-AjNU
041 _aara
050 1 4 _aLB2805.A42 2020
100 3 _aالعجمي، محمد حسنين,
_eauthor
_960016
245 0 0 _aالادارة والتخطيط التربوي: النظرية والتطبيق
250 _aالطبعة الرابعة
264 3 1 _aعمان: دار المسيرة للنشر والتوزيع، 2020
300 _a519ص
_b ويحتوي على قائمة مراجع من ص505-ص519
336 _atext
_btxt
_2rdacontent
337 _aunmediated
_bn
_2rdamedia
338 _avolume
_bnc
_2rdacarrier
650 4 _aالادارة التربوية- التخطيط التربوي
_960017
999 _aA27037
_c30605
_d30605